[Event "Open Nuevo Centro. Jornada 3"]
[Site "Chess.com"]
[Date "2020.07.03"]
[Round "5"]
[White "Sampedro Roig, Josep Francesc"
[Black "Lopez Mateo, Juan Carlos"
[Result "0-1"]
[WhiteElo "1821"]
[BlackElo "2035"]
[PlyCount "44"]
[EventDate "2020.??.??"]
1. e4 c5 2. Nf3 e6 3. d4 cxd4 4. Nxd4 a6 5. h3 Nf6 6. Nc3 Qc7 7. Be2 Be7 8. O-O
O-O 9. Be3 b5 10. Bf3 Bb7 11. e5 Ne8 12. Bxb7 Qxb7 13. a3 Nc6 14. Nxc6 Qxc6 15.
Qg4 Rc8 16. Rad1 Bxa3 17. Ne4 Bxb2 18. Rd6 Nxd6 19. Nf6+ Kh8 20. Qh4 Qxc2 21.
Nxd7 Nf5 22. Qe7 Nxe7 0-1

[Event "Open Nuevo Centro. Jornada 3"]
[Site "Chess.com"]
[Date "2020.07.03"]
[Round "5"]
[White "Deusa Ballesteros, Luis Miguel"
[Black "Reig Albero, Ferran"
[Result "1-0"]
[WhiteElo "1519"]
[BlackElo "1807"]
[PlyCount "53"]
[EventDate "2020.??.??"]
1. Nf3 Nf6 2. g3 g6 3. Bg2 Bg7 4. d3 O-O 5. Nbd2 d6 6. O-O e5 7. e4 c6 8. Re1
Re8 9. a4 a5 10. Nc4 Na6 11. b3 Qc7 12. Bb2 h6 13. Nfd2 Nb4 14. Bc3 Be6 15.
Bxb4 axb4 16. Ne3 d5 17. exd5 cxd5 18. Nf3 e4 19. dxe4 Nxe4 20. Nd4 Nc3 21.
Nxe6 Rxe6 22. Qd2 Ne4 23. Nxd5 Nxd2 24. Nxc7 Rxe1+ 25. Rxe1 Rc8 26. Re7 Nb1 27.
Bxb7 1-0

[Event "Open Nuevo Centro. Jornada 3"]
[Site "Chess.com"]
[Date "2020.07.03"]
[Round "5"]
[White "Benday�n Claros, Aaron"
[Black "Mar�n Corresa, Arturo"
[Result "1-0"]
[WhiteElo "1894"]
[BlackElo "2196"]
[PlyCount "49"]
[EventDate "2020.??.??"]
1. d4 Nf6 2. Bg5 c5 3. Nc3 cxd4 4. Qxd4 Nc6 5. Qh4 Qa5 6. O-O-O d6 7. e4 Be6 8.
Kb1 Rc8 9. Nge2 Nd7 10. Nc1 h6 11. Bd2 Qb6 12. f4 f6 13. Nd5 Qd8 14. Be2 g6 15.
f5 Bf7 16. fxg6 Bxg6 17. Bh5 Nde5 18. Nd3 Bg7 19. Bf4 Bf7 20. Bxe5 dxe5 21.
Bxf7+ Kxf7 22. Qh5+ Kf8 23. Rhf1 Qe8 24. Qg4 Rd8 25. Nc5 1-0

[Event "Open Nuevo Centro. Jornada 3"]
[Site "Chess.com"]
[Date "2020.07.03"]
[Round "5"]
[White "Hip�lito Garc�a, Dar�o"
[Black "Rabbani Perez, Oumaima "
[Result "1-0"]
[WhiteElo "714"]
[BlackElo "622"]
[PlyCount "57"]
[EventDate "2020.??.??"]
1. c4 c5 2. g3 g6 3. Bg2 Bg7 4. Nh3 Nh6 5. O-O O-O 6. Na3 Na6 7. d3 d6 8. Bxh6
Bxh3 9. Bxh3 Bxh6 10. Nb5 Nb4 11. a3 a6 12. axb4 axb5 13. Rxa8 Qxa8 14. cxb5
cxb4 15. Qb3 Qa5 16. Qc4 Bg5 17. Qg4 Qxb5 18. Ra1 Rc8 19. Qxc8+ Kg7 20. Ra8 Bc1
21. Qh8+ Kh6 22. f4 Bxb2 23. Qxb2 e5 24. fxe5 dxe5 25. Qd2+ Kg7 26. Qg5 f6 27.
Qg4 f5 28. Qg5 h6 29. Qe7# 1-0

[Event "Open Nuevo Centro. Jornada 3"]
[Site "Chess.com"]
[Date "2020.07.03"]
[Round "5"]
[White "Chernikov, Vladimir"
[Black "Campos Gambuti, Luis Mar�a"
[Result "0-1"]
[WhiteElo "2253"]
[BlackElo "2504"]
[PlyCount "64"]
[EventDate "2020.??.??"]
1. d4 d5 2. Bf4 Nf6 3. Nc3 e6 4. e3 a6 5. Nf3 b5 6. a3 Nbd7 7. b4 Bb7 8. Ne5
Nxe5 9. Bxe5 Nd7 10. Bf4 Bd6 11. Qf3 e5 12. dxe5 Nxe5 13. Qg3 Qf6 14. O-O-O O-O
15. Qg5 Qe6 16. Bd3 g6 17. h4 f6 18. Qg3 c5 19. h5 g5 20. e4 Nxd3+ 21. Qxd3
Bxf4+ 22. Kb1 dxe4 23. Qd7 Qxd7 24. Rxd7 Rf7 25. Rhd1 Raf8 26. h6 Be5 27. Ne2
Bc6 28. Rxf7 Kxf7 29. bxc5 Kg6 30. Ng3 Kxh6 31. Rh1+ Kg6 32. Re1 Bxg3 0-1

[Event "Open Nuevo Centro. Jornada 3"]
[Site "Chess.com"]
[Date "2020.07.03"]
[Round "5"]
[White "Valero Martinez, �scar"
[Black "Perrot, Fabien "
[Result "0-1"]
[WhiteElo "1036"]
[BlackElo "987"]
[PlyCount "58"]
[EventDate "2020.??.??"]
1. e4 e5 2. Nf3 Nc6 3. Nc3 Nf6 4. Bc4 Bc5 5. d3 O-O 6. Bg5 d6 7. Nh4 Bg4 8. Nf3
h6 9. Bxf6 Qxf6 10. Nd5 Qd8 11. O-O Nd4 12. h3 Bxf3 13. gxf3 Qh4 14. Kh1 Qxh3+
15. Kg1 Nxf3+ 16. Qxf3 Qxf3 17. Ne7+ Kh8 18. Nf5 g6 19. Nxh6 Bxf2+ 20. Rxf2
Qg3+ 21. Kf1 Qh3+ 22. Rg2 Qh1+ 23. Rg1 Qxh6 24. Re1 Qf4+ 25. Ke2 Kg7 26. Bb5 c6
27. Ba4 Rh8 28. c3 Rh2+ 29. Kd1 Qd2# 0-1

[Event "Open Nuevo Centro. Jornada 3"]
[Site "Chess.com"]
[Date "2020.07.03"]
[Round "5"]
[White "Zamora Soler, Raul"
[Black "SIMARRO PEIR�, ANDR�S"
[Result "1-0"]
[WhiteElo "1780"]
[BlackElo "997"]
[PlyCount "79"]
[EventDate "2020.??.??"]
1. e4 e5 2. Nf3 Nc6 3. d4 exd4 4. Nxd4 Bc5 5. c3 Bxd4 6. cxd4 d5 7. Bb5 Bd7 8.
exd5 Qe7+ 9. Be3 Nxd4 10. Bxd7+ Qxd7 11. Qxd4 Nf6 12. Nc3 O-O 13. O-O Ng4 14.
h3 Nxe3 15. fxe3 Rad8 16. Rf4 a6 17. Raf1 f6 18. Rg4 Rf7 19. Rxf6 Rxf6 20. Qxf6
Rf8 21. Qe6+ Rf7 22. Qxd7 Rxd7 23. e4 c6 24. Rf4 cxd5 25. exd5 Re7 26. Kf2 b5
27. a3 g5 28. Rf6 Kg7 29. Rxa6 Rf7+ 30. Ke2 Re7+ 31. Kd3 Rb7 32. Ne4 b4 33. a4
b3 34. Nc5 Rb4 35. Ne6+ Kf6 36. Nd4+ Ke5 37. Nc6+ Kxd5 38. Nxb4+ Kc5 39. Kc3 g4
40. Rc6# 1-0

[Event "Open Nuevo Centro. Jornada 3"]
[Site "Chess.com"]
[Date "2020.07.03"]
[Round "5"]
[White "Acevedo Noguera, Sara"
[Black "Mart�nez Albelda, Mariela"
[Result "1/2-1/2"]
[WhiteElo "861"]
[BlackElo "1009"]
[PlyCount "107"]
[EventDate "2020.??.??"]
1. d4 d5 2. c4 e6 3. Nc3 Nf6 4. Nf3 Nc6 5. Bg5 Bb4 6. a3 Bxc3+ 7. bxc3 dxc4 8.
e3 h6 9. Bxf6 Qxf6 10. Bxc4 e5 11. dxe5 Nxe5 12. Bb5+ c6 13. Be2 Nxf3+ 14. Bxf3
Qxc3+ 15. Qd2 Qxa1+ 16. Qd1 Qxd1+ 17. Kxd1 O-O 18. Be4 Bd7 19. Re1 Rfd8 20. Kc1
Be6 21. Rd1 Rxd1+ 22. Kxd1 Rd8+ 23. Ke2 Bc4+ 24. Kf3 Bd5 25. Bxd5 Rxd5 26. e4
Rd3+ 27. Ke2 Rxa3 28. Kd2 b5 29. Kc2 c5 30. Kb2 b4 31. Kc2 c4 32. Kd2 b3 33.
Kc3 a5 34. f4 Ra2 35. e5 b2 36. Kc2 a4 37. f5 f6 38. e6 Kf8 39. Kb1 c3 40. Kxa2
c2 41. Kxb2 Ke8 42. Kxc2 Kd8 43. Kc3 Kc7 44. Kb4 Kd6 45. Kxa4 h5 46. Kb5 Ke7
47. Kc5 Ke8 48. Kd5 Ke7 49. h3 Ke8 50. Kd6 Kd8 51. e7+ Ke8 52. Ke6 g5 53. g4
hxg4 54. hxg4 1/2-1/2

[Event "Open Nuevo Centro. Jornada 3"]
[Site "Chess.com"]
[Date "2020.07.03"]
[Round "5"]
[White "Chofre Murcia, Adri�n"
[Black "Donate Moreno, Silvia"
[Result "0-1"]
[WhiteElo "1445"]
[BlackElo "1801"]
[PlyCount "86"]
[EventDate "2020.??.??"]
1. e4 c5 2. Nc3 g6 3. f4 Bg7 4. Bc4 Nc6 5. Nf3 d6 6. d3 e6 7. Be3 Nge7 8. O-O
d5 9. exd5 exd5 10. Bb5 d4 11. Bxc6+ bxc6 12. Bxd4 cxd4 13. Ne4 O-O 14. c3 Qb6
15. c4 c5 16. b3 Nf5 17. Re1 Bb7 18. Ned2 Ne3 19. Qe2 Nc2 20. Qf2 Nxa1 21. Rxa1
Rae8 22. Re1 Qd8 23. Rf1 Re3 24. Qg3 Rxd3 25. Qe1 Re8 26. Qb1 Rde3 27. Kf2 Re2+
28. Kg1 d3 29. Rf2 Bxf3 30. Nxf3 Rxf2 31. Kxf2 Re2+ 32. Kg3 d2 33. Qd1 Re3 34.
Kf2 Rd3 35. g3 Bc3 36. Ng5 Qd4+ 37. Kg2 Qe3 38. Kh3 Qxf4 39. Qe2 Qf5+ 40. Kh4
d1=Q 41. Qe8+ Kg7 42. Qxf7+ Qxf7 43. Ne6+ Qxe6 0-1

[Event "Open Nuevo Centro. Jornada 3"]
[Site "Chess.com"]
[Date "2020.07.03"]
[Round "5"]
[White "Gil L�pez, Alejandro"
[Black "Bosch Jord�, Ricard"
[Result "1-0"]
[WhiteElo "2155"]
[BlackElo "1842"]
[PlyCount "49"]
[EventDate "2020.??.??"]
1. e4 c5 2. Nf3 Nc6 3. Bc4 g6 4. c3 Bg7 5. d4 cxd4 6. cxd4 e6 7. d5 Ne5 8. Nxe5
Bxe5 9. O-O Ne7 10. Nc3 O-O 11. f4 Bg7 12. Be3 exd5 13. Nxd5 Nxd5 14. Qxd5 d6
15. f5 Qe7 16. Rad1 gxf5 17. Qxd6 Qxe4 18. Bd4 Be6 19. Bxg7 Kxg7 20. Qg3+ Qg4
21. Qc3+ Kg8 22. Rd4 Qg7 23. Rf3 Bxc4 24. Rg3 Qxg3 25. Qxg3+ 1-0

[Event "Open Nuevo Centro. Jornada 3"]
[Site "Chess.com"]
[Date "2020.07.03"]
[Round "5"]
[White "Mingarro Carceller, Sergi"
[Black "Salvador Buiza, Victor"
[Result "1-0"]
[WhiteElo "2088"]
[BlackElo "1834"]
[PlyCount "73"]
[EventDate "2020.??.??"]
1. e4 e5 2. Nf3 Nc6 3. d4 exd4 4. Nxd4 Bc5 5. Nb3 Bb6 6. Nc3 Nf6 7. Qe2 O-O 8.
Bg5 a5 9. a4 Nd4 10. Qd2 Nxb3 11. cxb3 Re8 12. O-O-O Bc5 13. f4 Nxe4 14. Nxe4
f6 15. Bxf6 gxf6 16. Nxc5 d6 17. Bc4+ Kh8 18. Nd3 d5 19. Nf2 c6 20. Bd3 Qb6 21.
Bc2 Be6 22. Rhe1 Rad8 23. Qd3 Rd7 24. Ng4 Qd8 25. Nh6 b5 26. Re2 bxa4 27. bxa4
c5 28. Rde1 c4 29. Qd4 Rd6 30. f5 Bd7 31. Nf7+ Kg7 32. Nxd8 Rxd8 33. Re7+ Kh8
34. Qh4 h5 35. Qxh5+ Kg8 36. Qg6+ Kf8 37. Qf7# 1-0

[Event "Open Nuevo Centro. Jornada 3"]
[Site "Chess.com"]
[Date "2020.07.03"]
[Round "5"]
[White "Beneyto de Ramon, Guillermo"
[Black "Haoyou, Deng"
[Result "0-1"]
[WhiteElo "1516"]
[BlackElo "1819"]
[PlyCount "114"]
[EventDate "2020.??.??"]
1. c4 Nf6 2. Nc3 c6 3. g3 d5 4. cxd5 cxd5 5. d4 Bf5 6. Bg2 e6 7. Bg5 Be7 8. e3
O-O 9. Nf3 h6 10. Bf4 Nc6 11. Nh4 Bh7 12. O-O g5 13. Bxg5 hxg5 14. Nf3 Ne4 15.
Nxe4 dxe4 16. Nd2 f5 17. Nc4 Bg6 18. f3 exf3 19. Bxf3 g4 20. Bxc6 bxc6 21. Ne5
Be8 22. e4 Qb6 23. exf5 exf5 24. Rb1 Rd8 25. Rf4 Bg5 26. Rf1 Qxd4+ 27. Qxd4
Rxd4 28. Rfd1 Be3+ 29. Kg2 c5 30. Rxd4 Bxd4 31. Nd3 Bc6+ 32. Kf1 Rd8 33. Ke2
Be4 34. Rd1 Bf3+ 35. Ke1 Bxd1 36. Kxd1 Bxb2 37. Kc2 Bd4 38. Kb3 Bg1 39. Kc4
Rxd3 40. Kxd3 Bxh2 41. Kc4 Bxg3 42. Kxc5 Bf2+ 43. Kd5 g3 44. Ke5 g2 45. Kf4
g1=Q 46. Kxf5 Qb1+ 47. Kg4 Qxa2 48. Kf5 Qb1+ 49. Ke6 a5 50. Kd5 a4 51. Kc4 a3
52. Kd5 a2 53. Ke5 a1=Q+ 54. Kf4 Qa4+ 55. Kf3 Qbb3+ 56. Kxf2 Qaa2+ 57. Ke1
Qbb1# 0-1

[Event "Open Nuevo Centro. Jornada 3"]
[Site "Chess.com"]
[Date "2020.07.03"]
[Round "5"]
[White "Carbonell Bofill, Carlos Eloy"
[Black "Donate Peris, Jose Manuel"
[Result "1-0"]
[WhiteElo "1976"]
[BlackElo "1569"]
[PlyCount "73"]
[EventDate "2020.??.??"]
1. d4 Nf6 2. Nf3 d5 3. Bg5 Nbd7 4. Nbd2 e6 5. c3 Be7 6. Qc2 c5 7. dxc5 Nxc5 8.
h4 h6 9. Bf4 Bd6 10. Bxd6 Qxd6 11. e3 Bd7 12. Nd4 Nce4 13. Nxe4 Nxe4 14. Bb5
O-O 15. Bxd7 Qxd7 16. f3 Nd6 17. g4 Nc4 18. Kf2 Rac8 19. g5 hxg5 20. hxg5 g6
21. Rh6 Kg7 22. Rah1 Rh8 23. f4 Nd6 24. Nf3 Ne4+ 25. Kg2 Qb5 26. Ne5 a5 27. a4
Qa6 28. Rxh8 Rxh8 29. Rxh8 Kxh8 30. Nxf7+ Kg7 31. Ne5 b5 32. Qd3 Qb6 33. Qxb5
Qxe3 34. Qd7+ Kh8 35. Qe8+ Kg7 36. Qf7+ Kh8 37. Nxg6# 1-0

[Event "Open Nuevo Centro. Jornada 3"]
[Site "Chess.com"]
[Date "2020.07.03"]
[Round "5"]
[White "Aguado, Pablo Luis"
[Black "Sanchez Saez, Francisco"
[Result "1-0"]
[WhiteElo "1877"]
[BlackElo "2184"]
[PlyCount "65"]
[EventDate "2020.??.??"]
1. d4 Nf6 2. c4 c5 3. d5 e6 4. Nc3 exd5 5. cxd5 d6 6. e4 g6 7. Nf3 Bg7 8. Nd2
Nbd7 9. Be2 O-O 10. O-O Re8 11. h3 a6 12. a4 b6 13. Qc2 Rb8 14. Nc4 Qe7 15. Bf4
Nxe4 16. Nxe4 Qxe4 17. Qxe4 Rxe4 18. Bxd6 Rb7 19. Bg3 Rxe2 20. Nd6 Rb8 21. Rfe1
Rxe1+ 22. Rxe1 Bb7 23. Re7 Bxd5 24. Rxd7 Be6 25. Ra7 Rd8 26. Rxa6 Bxb2 27. Rxb6
Bd4 28. Rb7 Ra8 29. Rc7 Rxa4 30. Nb7 Ra7 31. Kh2 Kg7 32. Nxc5 Ra2 33. Nxe6+ 1-0

[Event "Open Nuevo Centro. Jornada 3"]
[Site "Chess.com"]
[Date "2020.07.03"]
[Round "5"]
[White "Perez Garcia, Jose Miguel"
[Black "Garc�a Gim�nez, Santiago"
[Result "1-0"]
[WhiteElo "2148"]
[BlackElo "1827"]
[PlyCount "115"]
[EventDate "2020.??.??"]
1. e4 e5 2. Nf3 Nc6 3. Bc4 Bc5 4. O-O Nf6 5. c3 Nxe4 6. d4 Be7 7. dxe5 O-O 8.
Bd5 Nc5 9. Re1 Ne6 10. Qe2 d6 11. Rd1 Qe8 12. Nbd2 dxe5 13. Nxe5 Nxe5 14. Qxe5
Bd6 15. Qe4 c6 16. Bc4 Nf4 17. g3 Nh3+ 18. Kg2 Ng5 19. Qd3 Bc7 20. Nf3 Nxf3 21.
Qxf3 Qe7 22. Be3 Be6 23. Bd3 h6 24. Kg1 Bd5 25. Qe2 Rfe8 26. Bc4 Bxc4 27. Qxc4
Rad8 28. Qb3 b6 29. Rxd8 Rxd8 30. Rd1 Rxd1+ 31. Qxd1 Qd6 32. Qxd6 Bxd6 33. b3
Be5 34. c4 c5 35. Kf1 Kf8 36. Ke2 Ke7 37. Kd3 Ke6 38. h3 f5 39. Bd2 g5 40. g4
f4 41. Ke4 Bf6 42. b4 Bd4 43. f3 Bf6 44. bxc5 bxc5 45. Ba5 Be5 46. Bd8 Bb8 47.
h4 gxh4 48. Bxh4 Be5 49. Be1 a6 50. Bd2 h5 51. gxh5 Bd4 52. Bxf4 Kf7 53. Be3
Bb2 54. Bxc5 Kg7 55. Be3 Kh7 56. c5 Ba3 57. c6 Bd6 58. Bf4 1-0

[Event "Open Nuevo Centro. Jornada 3"]
[Site "Chess.com"]
[Date "2020.07.03"]
[Round "5"]
[White "Silva Rodriguez, Fernando"
[Black "Vega Guti�rrez, Sabrina"
[Result "1-0"]
[WhiteElo "2465"]
[BlackElo "2156"]
[PlyCount "93"]
[EventDate "2020.??.??"]
1. d4 d5 2. Nc3 Nf6 3. Bf4 c5 4. e3 cxd4 5. exd4 a6 6. Nf3 Nc6 7. Ne5 Qb6 8.
Na4 Qxd4 9. Qxd4 Nxd4 10. O-O-O Ne6 11. Bg3 b5 12. Nb6 Rb8 13. Nxd5 Nxd5 14.
Rxd5 Bb7 15. Rd2 Rd8 16. a4 Rxd2 17. Kxd2 bxa4 18. Bc4 Nd8 19. Ra1 f6 20. Nd3
e5 21. f3 Nc6 22. Rxa4 Nb8 23. Bf2 Kd7 24. Nc5+ Bxc5 25. Bxc5 Rc8 26. Ba7 Nc6
27. Be3 Nb8 28. h4 g6 29. b3 Bc6 30. Ra1 Bb7 31. Ba7 Nc6 32. Bb6 Nb8 33. Ra3
Ke7 34. Ba7 Nc6 35. Bc5+ Ke8 36. Bxa6 Bxa6 37. Rxa6 Nb8 38. Re6+ Kd7 39. Re7+
Kd8 40. b4 Nc6 41. Rxh7 Rb8 42. Rh8+ Kd7 43. Rxb8 Nxb8 44. g4 Kc6 45. h5 gxh5
46. gxh5 Nd7 47. h6 1-0

[Event "Open Nuevo Centro. Jornada 3"]
[Site "Chess.com"]
[Date "2020.07.03"]
[Round "5"]
[White "Gukasov, Artem"
[Black "Pardo Ruiz, Carlos"
[Result "0-1"]
[WhiteElo "1524"]
[BlackElo "1836"]
[PlyCount "94"]
[EventDate "2020.??.??"]
1. e4 Nf6 2. Nc3 e5 3. Nf3 Nc6 4. d4 exd4 5. Nxd4 Bb4 6. f3 d6 7. Nxc6 bxc6 8.
Bg5 h6 9. Bxf6 Qxf6 10. Qd3 a5 11. Be2 Ba6 12. Qe3 Bxe2 13. Kxe2 Bxc3 14. Qxc3
Qxc3 15. bxc3 Rb8 16. Rab1 Ke7 17. Kd3 Ke6 18. f4 d5 19. e5 c5 20. c4 d4 21.
Ke4 g6 22. g4 h5 23. f5+ gxf5+ 24. gxf5+ Kd7 25. Kd5 Rbe8 26. Rb5 c6+ 27. Kxc5
cxb5 28. Kxd4 bxc4 29. Rb1 Ke7 30. Rb5 Rd8+ 31. Ke4 Rd2 32. Rxa5 Rhd8 33. f6+
Kf8 34. Kf5 Rxc2 35. e6 Rf2+ 36. Kg5 fxe6 37. Ra7 c3 38. Kg6 Rg2+ 39. Kh6 c2
40. Rc7 Rd1 41. a4 c1=Q+ 42. Rxc1 Rxc1 43. a5 Ra1 44. a6 Rxa6 45. h4 Kf7 46.
Kxh5 Ra8 47. Kh6 Rh8# 0-1

[Event "Open Nuevo Centro. Jornada 3"]
[Site "Chess.com"]
[Date "2020.07.03"]
[Round "5"]
[White "Miranda Calvo, Max Rodrigo"
[Black "Pardo Ruiz, Beatriz"
[Result "1-0"]
[WhiteElo "1242"]
[BlackElo "916"]
[PlyCount "85"]
[EventDate "2020.??.??"]
1. e4 e5 2. Nf3 Nc6 3. Bc4 Bc5 4. b4 Bxb4 5. c3 Bc5 6. d4 exd4 7. O-O dxc3 8.
Qb3 Qe7 9. Qxc3 Nf6 10. Bg5 Qd6 11. e5 Nxe5 12. Nxe5 Bd4 13. Qb3 Bxe5 14. Bxf7+
Kf8 15. Bd2 Bxa1 16. Bb4 c5 17. Ba3 Qe7 18. Nd2 Qxf7 19. Bxc5+ Kg8 20. Qxf7+
Kxf7 21. Rxa1 d5 22. h3 Bf5 23. g4 Be4 24. Re1 b6 25. Ba3 Rac8 26. f3 Bg6 27.
Re7+ Kg8 28. Rxa7 h6 29. h4 Kh7 30. h5 Bd3 31. Bb2 Rc6 32. Nb3 Rf8 33. Nd4 Rc2
34. Ne6 Rg8 35. Bxf6 Rc1+ 36. Kh2 Rc2+ 37. Kg3 Bf1 38. Bxg7 Rg2+ 39. Kf4 Re2
40. Bf6+ Rg7 41. Rxg7+ Kh8 42. Rg6+ Kh7 43. Nf8# 1-0

[Event "Open Nuevo Centro. Jornada 3"]
[Site "Chess.com"]
[Date "2020.07.03"]
[Round "5"]
[White "Castellano L�pez, Javier"
[Black "Donate Moreno, David"
[Result "1-0"]
[WhiteElo "1834"]
[BlackElo "1537"]
[PlyCount "69"]
[EventDate "2020.??.??"]
1. d4 Nf6 2. c4 c5 3. d5 b5 4. cxb5 a6 5. bxa6 d6 6. Nc3 g6 7. e4 Qa5 8. Bd3
Bxa6 9. Nf3 Bg7 10. O-O O-O 11. Re1 Nbd7 12. Bxa6 Qxa6 13. Qc2 Rfb8 14. b3 Qa5
15. Bb2 Ng4 16. Nd2 Nb6 17. h3 Ne5 18. f4 Ned7 19. Kh1 Rb7 20. Nd1 Bxb2 21.
Nxb2 Rab8 22. Nbc4 Nxc4 23. Nxc4 Qa7 24. e5 Nb6 25. exd6 Nxd5 26. dxe7 Rxe7 27.
Rf1 Nb4 28. Qd2 Rd7 29. Qf2 Nd3 30. Qh4 Ra8 31. f5 Nb4 32. f6 h5 33. Qg5 Kh7
34. Ne5 Rd5 35. Qf4 1-0

[Event "Open Nuevo Centro. Jornada 3"]
[Site "Chess.com"]
[Date "2020.07.03"]
[Round "5"]
[White "Albuixech Sanz, Jorge"
[Black "Luque Saiz, Andr�s"
[Result "0-1"]
[WhiteElo "1772"]
[BlackElo "1970"]
[PlyCount "80"]
[EventDate "2020.??.??"]
1. e4 c6 2. d4 d5 3. Nc3 dxe4 4. Nxe4 Nf6 5. Nxf6+ exf6 6. Nf3 Bd6 7. Bd3 O-O
8. h3 Re8+ 9. Be3 Bf4 10. Qd2 Qe7 11. O-O Bxe3 12. fxe3 Qxe3+ 13. Qxe3 Rxe3 14.
Rae1 Rxe1 15. Rxe1 Kf8 16. Nh4 g6 17. Nf3 Be6 18. b3 Nd7 19. c4 Nb6 20. Nd2 Rd8
21. Ne4 Rxd4 22. Bb1 Nd7 23. Kf2 Bf5 24. Ke3 Bxe4 25. Kxd4 Bxg2 26. h4 Ne5 27.
Be4 Bf3 28. Re3 Bg4 29. Kc5 Nd7+ 30. Kd6 Ne5 31. Kc7 b5 32. Bxc6 bxc4 33. bxc4
Nxc4 34. Re8+ Kg7 35. Kb7 a5 36. Ka6 Be6 37. Re7 Ne5 38. Ra7 Nxc6 39. Rc7 Nb4+
40. Kxa5 Nxa2 0-1

[Event "Open Nuevo Centro. Jornada 3"]
[Site "Chess.com"]
[Date "2020.07.03"]
[Round "5"]
[White "Marques Montolio, Luis"
[Black "Rodriguez Rodriguez, Joan David "
[Result "0-1"]
[WhiteElo "1238"]
[BlackElo "1590"]
[PlyCount "92"]
[EventDate "2020.??.??"]
1. e4 e5 2. Nf3 Nc6 3. Bb5 a6 4. Ba4 d6 5. c3 Bg4 6. O-O Qf6 7. d3 Bxf3 8. Qxf3
Qxf3 9. gxf3 b5 10. Bb3 Be7 11. Be3 g5 12. Nd2 h5 13. Kg2 Bf6 14. h3 Nge7 15.
a4 Rb8 16. axb5 axb5 17. c4 Nb4 18. cxb5 Nxd3 19. Nc4 Ng6 20. Ba4 Ke7 21. b3
Ngf4+ 22. Bxf4 gxf4 23. Rad1 Nc5 24. Ra1 Bh4 25. Na5 Ke6 26. Nc6 Rbg8+ 27. Kh2
Nd3 28. b4 Nxf2 29. Bb3+ Kf6 30. Ra7 Bg3+ 31. Kg2 Bh4+ 32. Kh2 Rg7 33. Rxc7
Rhg8 34. Rxf7+ Rxf7 35. Bxf7 Kxf7 36. Ra1 Nd3 37. Ra7+ Kf6 38. b6 Bg3+ 39. Kh1
Bf2 40. Kh2 Bxb6 41. Rb7 Bg1+ 42. Kh1 Ne1 43. Ra7 Nxf3 44. Ra1 Be3 45. b5 Rg3
46. Ra3 Rg1# 0-1

[Event "Open Nuevo Centro. Jornada 3"]
[Site "Chess.com"]
[Date "2020.07.03"]
[Round "5"]
[White "Gutierrez Marco, Dario"
[Black "Teply Koutsky, David"
[Result "0-1"]
[WhiteElo "1847"]
[BlackElo "1643"]
[PlyCount "88"]
[EventDate "2020.??.??"]
1. e4 e6 2. d4 d5 3. e5 c5 4. c3 Nc6 5. Nf3 Bd7 6. a3 c4 7. h4 Na5 8. Nbd2 Bc6
9. h5 Qd7 10. g3 Ba4 11. Qe2 O-O-O 12. Bh3 Ne7 13. O-O g6 14. Ng5 Nf5 15. Bg4
Bh6 16. Nh3 Rdg8 17. Bxf5 gxf5 18. Nf3 Bxc1 19. Raxc1 Nb3 20. Rce1 h6 21. Nf4
Rg4 22. Nd2 Rhg8 23. Nxb3 Bxb3 24. Ng2 Qa4 25. Ne3 R4g7 26. Kh2 Qd7 27. Rg1 Qd8
28. Rg2 f4 29. gxf4 Qh4+ 30. Kg1 Qxf4 31. Kf1 Qh4 32. Qf3 Rxg2 33. Nxg2 Qh1+
34. Ke2 Qxg2 35. Qxf7 Qg4+ 36. Kd2 Qg5+ 37. f4 Qg2+ 38. Re2 Qg4 39. Rf2 Kb8 40.
Qe7 a6 41. Qd6+ Ka7 42. Qc5+ Ka8 43. Ke3 Qg3+ 44. Rf3 Qe1# 0-1

[Event "Open Nuevo Centro. Jornada 3"]
[Site "Chess.com"]
[Date "2020.07.03"]
[Round "5"]
[White "Montesinos Diaz, Luis"
[Black "Gimenez Saiz, Jose Raul"
[Result "0-1"]
[WhiteElo "1801"]
[BlackElo "1566"]
[PlyCount "78"]
[EventDate "2020.??.??"]
1. d4 d6 2. Nf3 Nd7 3. c3 g6 4. Bg5 Bg7 5. Nbd2 h6 6. Bh4 g5 7. Bg3 f5 8. h4 f4
9. Bh2 e5 10. e3 Ne7 11. Bc4 d5 12. Bb3 e4 13. Ng1 c6 14. exf4 g4 15. Ne2 h5
16. Qc2 Nf5 17. Bg3 Nf6 18. O-O-O a5 19. c4 a4 20. Bxa4 dxc4 21. Nxe4 Nxe4 22.
Qxe4+ Kf7 23. b3 Re8 24. Qc2 b5 25. d5 bxa4 26. dxc6 Qf6 27. Qxc4+ Be6 28. Qc2
Rad8 29. Rxd8 Rxd8 30. Qb1 a3 31. Rd1 Rxd1+ 32. Kxd1 Qb2 33. Qxb2 axb2 34. Kc2
Nd4+ 35. Nxd4 Bxd4 36. b4 Bf5+ 37. Kd2 b1=Q 38. a3 Qd3+ 39. Ke1 Bc3# 0-1

[Event "Open Nuevo Centro. Jornada 3"]
[Site "Chess.com"]
[Date "2020.07.03"]
[Round "5"]
[White "Tormos Beltran, Maite"
[Black "Gracia Calvo, Andr�s"
[Result "0-1"]
[WhiteElo "1450"]
[BlackElo "1773"]
[PlyCount "108"]
[EventDate "2020.??.??"]
1. d4 d5 2. c4 c6 3. Nf3 e6 4. Nc3 f5 5. g3 Nf6 6. Bg2 Bd6 7. O-O O-O 8. Ng5
Ne4 9. Ngxe4 fxe4 10. cxd5 exd5 11. f3 exf3 12. exf3 Nd7 13. a3 Nf6 14. b4 Bf5
15. b5 Qd7 16. a4 Rfe8 17. Ba3 Bxa3 18. Rxa3 Re3 19. Qd2 Rae8 20. bxc6 bxc6 21.
Raa1 Qe7 22. Rac1 Rd3 23. Qb2 Qe3+ 24. Kh1 Rd2 25. Qb3 Qd3 26. f4 Qxd4 27. a5
Ne4 28. Nxe4 Bxe4 29. Bxe4 Qxe4+ 30. Qf3 Qxf3+ 31. Rxf3 Ree2 32. Rxc6 Rxh2+ 33.
Kg1 Rdg2+ 34. Kf1 Ra2 35. Rc8+ Kf7 36. Kg1 Rhb2 37. Rf1 Rxa5 38. Rc7+ Kf6 39.
Rd1 d4 40. Rd7 Ra4 41. R7xd4 Rxd4 42. Rxd4 Ra2 43. Rd6+ Kf5 44. Rd7 Kg6 45. Rb7
a5 46. g4 h6 47. Rb6+ Kh7 48. Kf1 a4 49. Ke1 a3 50. Kd1 Rg2 51. Rb3 a2 52. Ra3
a1=Q+ 53. Rxa1 Rg1+ 54. Kc2 Rxa1 0-1

[Event "Open Nuevo Centro. Jornada 3"]
[Site "Chess.com"]
[Date "2020.07.03"]
[Round "5"]
[White "Sanchis Bon, Sergi"
[Black "Albentosa Ferrada, Adrian"
[Result "1-0"]
[WhiteElo "986"]
[BlackElo "933"]
[PlyCount "93"]
[EventDate "2020.??.??"]
1. e4 e5 2. Qf3 Nc6 3. Bc4 Nf6 4. c3 d5 5. exd5 Na5 6. Bb5+ c6 7. dxc6 bxc6 8.
Ba4 Bg4 9. Qg3 Bc5 10. h3 Ne4 11. Qxg4 Nxf2 12. Qxg7 Nxh1 13. Qxh8+ Ke7 14.
Qxh7 Bxg1 15. Qh4+ Ke8 16. Qe4 Rc8 17. Qxe5+ Kf8 18. Qh8+ Ke7 19. Qh4+ Kd7 20.
Qxd8+ Rxd8 21. Na3 Ng3 22. Nc2 Re8+ 23. Kd1 Nc4 24. Nb4 a5 25. Bxc6+ Kd8 26.
Bxe8 Kxe8 27. Nc6 Kd7 28. Na7 Kc7 29. Nb5+ Kb6 30. Na3 Nxa3 31. bxa3 Kc6 32. c4
Kc7 33. d3 Kc6 34. Kc2 Nf5 35. Kc3 Ne7 36. d4 a4 37. d5+ Kc5 38. Bf4 Ng6 39.
Bg5 Ne5 40. Be7+ Kb6 41. Kb4 Nd3+ 42. Kc3 Ne5 43. Kb4 Nd3+ 44. Kxa4 Nb2+ 45.
Kb3 Nd3 46. Kc3 Ne5 47. Bf6 1-0

[Event "Open Nuevo Centro. Jornada 3"]
[Site "Chess.com"]
[Date "2020.07.03"]
[Round "5"]
[White "Hern�ndez Tom�s, Efr�n"
[Black "Yatseta Fernandez, Marc Kazymyr"
[Result "0-1"]
[WhiteElo "984"]
[BlackElo "1578"]
[PlyCount "110"]
[EventDate "2020.??.??"]
1. e4 e5 2. Nf3 Nc6 3. Bc4 d6 4. d4 Be7 5. d5 Nb8 6. O-O c6 7. Be3 Nf6 8. Nc3
Bg4 9. h3 Bh5 10. Bg5 O-O 11. Bxf6 Bxf6 12. Qe2 Re8 13. Qe3 Bg6 14. b3 Nd7 15.
Rad1 Nb6 16. a4 a5 17. Rd2 Nxc4 18. bxc4 c5 19. Rfd1 Qb6 20. Nb5 h6 21. Rb1 Qd8
22. Qd3 Kh7 23. Rdd1 Bh5 24. Kh2 Qd7 25. g4 Bg6 26. h4 Be7 27. h5 Bxh5 28. gxh5
g6 29. hxg6+ fxg6 30. Rg1 Rf8 31. Nd2 Rxf2+ 32. Rg2 Raf8 33. Rbg1 Qg4 34. Qh3
Qf4+ 35. Qg3 Qxg3+ 36. Kxg3 R2f7 37. Nc7 h5 38. Ne6 h4+ 39. Kh2 Rg8 40. Rf1
Rxf1 41. Nxf1 g5 42. Ne3 Kg6 43. Kh3 Kh5 44. c3 Rh8 45. Rg4 Rh7 46. Nf5 Rf7 47.
Neg7+ Kg6 48. Nxe7+ Rxe7 49. Ne6 Rf7 50. Rxg5+ Kh6 51. Rg4 Rf3+ 52. Kxh4 Rxc3
53. Rg7 Rxc4 54. Kg4 Rxe4+ 55. Kf5 Rxa4 0-1